Statistics for Countries Containing B (no continent prompts)

Click here to take the quiz!

General Stats

  • This quiz has been taken 5,038 times
    (2,980 since last reset)
  • The average score is 39 of 46

Answer Stats

country % Correct
Brazil
97%
Belgium
95%
Bolivia
94%
Barbados
93%
Botswana
93%
Belize
93%
Bosnia and Herzegovina
93%
Bahamas
92%
Bhutan
92%
Zimbabwe
91%
Bulgaria
91%
Zambia
90%
Albania
90%
Belarus
90%
Bangladesh
90%
Bahrain
90%
Brunei
89%
Burundi
89%
Benin
88%
Libya
87%
Burkina Faso
86%
Namibia
86%
Azerbaijan
85%
Gambia
85%
Cambodia
85%
Colombia
84%
Cuba
83%
Djibouti
82%
Uzbekistan
82%
Lebanon
82%
Liberia
82%
Serbia
82%
Gabon
81%
Democratic Republic
of the Congo
79%
Mozambique
79%
Antigua and Barbuda
78%
United Arab Emirates
77%
Saudi Arabia
76%
Republic of the Congo
76%
Luxembourg
75%
Central African
Republic
73%
Czech Republic
72%
Kiribati
71%
Guinea-Bissau
71%
Dominican Republic
71%
Trinidad and Tobago
69%

Score Distribution

Percentile by Number Answered

Percent of People with Each Score

Your Score History

You have not taken this quiz since the last reset